000
00238nam a2200097Ia 4500
001
695787
005
20250826161959.0
008
250824s9999 xx 000 0 und d
245
0
_a
Aşkla Kal
_c
KAHRAMAN TAZEOĞLU
260
_b
DESTEK YAYINLARI
999
_c
695787
_d
695787